| 000 | 00668nam a22002057a 4500 | ||
|---|---|---|---|
| 005 | 20240508120745.0 | ||
| 010 | _aENG-140217 | ||
| 020 |
_c995.00 _a9789380574301 |
||
| 035 | _aEN-123749 | ||
| 037 | _bDBAD | ||
| 082 | _a307.72 | ||
| 245 |
_aRural Development in Post-Colonial Era/ _cEdited by Harnam Singh, Amit Kumar Dwivedi [and] K. Nagraj Rao |
||
| 260 |
_aDelhi _bBookwell _c2012 |
||
| 270 |
_bDelhi _a3/79, Nirankari Colony _e110009 |
||
| 300 |
_a364p. _c23cm(hb) |
||
| 700 |
_aEdited by Harnam Singh _964904 |
||
| 700 |
_aEdited by Amit Kumar Dwivedi _964905 |
||
| 700 |
_aEdited by K. Nagraj Rao _964906 |
||
| 942 |
_2ddc _cEN _h307.72 _mRUR |
||
| 999 |
_c202282 _d202282 |
||